| 000 | 00511nam a2200193 a 4500 | ||
|---|---|---|---|
| 005 | 20140310183253.0 | ||
| 008 | 041020s19uu xx 00 eng d | ||
| 050 |
_aQP 34.5 _b.T49 2003 |
||
| 100 | _aThibodeau, Gary A. | ||
| 245 |
_aAnatomy and physiology /. _cGary A. Thibodeau |
||
| 250 | _a5th ed. | ||
| 300 |
_a1106 p. : _bcol. , ill. ; _c28 cm. |
||
| 521 | _aNUR | ||
| 650 | _aHuman physiology. | ||
| 650 | _aHuman anatomy. | ||
| 700 | _aPatton, Kevin T. | ||
| 942 |
_cBK _2lcc _kFOR |
||
| 999 |
_c20805 _d20805 |
||